Der Schutzgasschweisser : Teil 1: VIG-Schweissen/Plasmaschweissen. Leitfaden für Ausbildung und Praxis /

Guardado en:
Detalles Bibliográficos
Autores principales: Baum, L (Autor), Fischer, H (Autor)
Formato: Libro
Lenguaje:alemán
Publicado: Düsseldorf : DVS, 1987
Edición:3.Aufl.
Materias:
Etiquetas: Agregar Etiqueta
Sin Etiquetas, Sea el primero en etiquetar este registro!

MARC

LEADER 00000nam a22000003a 4500
001 stu44582
005 20150617225718.5
008 950505s1987----gw------------------ger-d
020 |a 3-87155-516-9 
040 |a STU  |b slo 
041 0 |a ger 
044 |a gw 
080 |a 621.754 
100 1 |a Baum, L  |4 aut 
245 1 |a Der Schutzgasschweisser :  |b Teil 1: VIG-Schweissen/Plasmaschweissen. Leitfaden für Ausbildung und Praxis /  |c [aut.]L. Baum, H. Fischer 
250 |a 3.Aufl. 
260 |a Düsseldorf :  |b DVS,  |c 1987 
300 |a 94 s 
650 7 |a zváranie v ochrane plynov  |2 stusub 
700 1 |a Fischer, H  |4 aut 
996 |b 284M025732  |c M*9128/1-1  |l MMKN  |s A  |a 24  |w stu44582_0001